Capitals of Countries Bordering Hungary - Statistics

General Stats
  • This quiz has been taken 86 times
  • The average score is 6 of 7
Answer Stats
Country Capital % Correct
Austria Vienna
100%
Slovakia Bratislava
96%
Serbia Belgrade
94%
Croatia Zagreb
92%
Romania Bucharest
91%
Ukraine Kiev
90%
Slovenia Ljubljana
86%
No matching quizzes found
Score Distribution
Percent of People with Each Score
Percentile by Number Answered
Your Score History
You have not taken this quiz